000 00329nam a2200145Ia 4500
100 _aJuszli/F.L ;Rodgers/C.A
942 _cBK
654 _aMaths
245 _aElementary Tech. Mathematics
260 _bPrentice Hall of India
_aNewJersey
_c1969
082 _a510
_bJus/Rod
300 _a604
546 _aENGLISH
999 _c28558
_d28558